[Event "GER-chT U10"]
[Site "Magdeburg"]
[Date "2016.12.29"]
[Round "7.4"]
[White "Sassenscheidt, Julius"]
[Black "Potapov, Maxim"]
[Result "1/2-1/2"]
[WhiteElo "787"]
[BlackElo "1007"]
[PlyCount "81"]
[EventDate "2016.12.27"]
[EventType "team-swiss"]
[EventRounds "7"]
[EventCountry "GER"]
[SourceTitle "EXT 2018"]
[Source "ChessBase"]
[SourceDate "2017.10.13"]
[SourceVersion "1"]
[SourceVersionDate "2017.10.13"]
[SourceQuality "1"]
[WhiteTeam "Eilendorf Arminia"]
[BlackTeam "Dresden Leuben"]
[WhiteTeamCountry "GER"]
[BlackTeamCountry "GER"]

1. c4 c5 2. Nc3 Nf6 3. Nf3 g6 4. d4 e6 5. g3 d6 6. Bg2 Bg7 7. Bg5 h6 8. Bxf6 Qxf6 9. e3 Nc6 10. 0-0 cxd4 11. exd4 Nxd4 12. Nxd4 Qxd4 13. Qxd4 Bxd4 14. Rac1 0-0 15. Rfd1 Be5 16. b3 Bxc3 17. Rxc3 Rb8 18. Rxd6 b6 19. c5 bxc5 20. Rxc5 Rb6 21. Rxb6 axb6 22. Rb5 Rd8 23. Rxb6 Kg7 24. a4 e5 25. a5 Rd1+ 26. Bf1 Ra1 27. a6 Bxa6 28. Rxa6 Rxa6 29. Bxa6 Kf8 30. Kf1 Ke7 31. b4 Kd6 32. Be2 Kc6 33. b5+ Kb6 34. Kg2 f5 35. Kf3 g5 36. g4 e4+ 37. Kg3 f4+ 38. Kh3 f3 39. Bf1 Kc5 40. Kg3 Kb6 41. h3 1/2-1/2